000 00903cam a2200277 i 4500
001 36281
005 20230410101830.0
008 070226b2006 dr 000 0 spa
035 _a15083966
925 0 _aacquire
_b1 shelf copy
_xpolicy default
942 _2lcc
_cbk
010 _a 2008381490
020 _a9945427040
035 _a(PR-SjLB)lrdh0712814710
040 _aDLC
_cDLC
050 1 4 _a118 BF 575
_bR789g 2006
100 1 _aRosario Candelier, Bruno,
_d1941-
245 1 3 _aLa garra del estrés, lenguaje, miedo y control emocional /
_cBruno Rosario Candelier.
250 _a1. ed.
260 _aSanto Domingo, República Dominicana :
_bAcademia Dominicana de la Lengua,
_c2006.
300 _a220 p. ;
_ccm.
440 0 _aColección A la zaga de tu huella ;
_vno. 3
923 _d20071112
_n8147
_sPR-SjLB
985 _eVENDOR LOAD
440 0 _aColección A la zaga de tu huella, No. 3
999 _c14780
_d14780